00588cam a22002051 4500001001300000003000400013005001700017008004100034010001700075035002000092040002000112042001200132050001700144110005100161245007600212260002200288300002700310651002800337999001700365sa 62000908 DLC20260227111916.0870107s1962 ii a 000 0 eng  asa 62000908  a(OCoLC)15043324 aDLCcTxArUdDLC apremarc00aHC435b.N3562 aNational Council of Applied Economic Research.10aCurrent problems of planned economy;bfive years of research by NCAER. aNew Dehlic[1962] a115 p.billus.c23 cm. 0aIndiaxEconomic policy. c53090d53090